<?xml version="1.0" encoding="UTF-8"?>
<record
    xmlns:xsi="http://www.w3.org/2001/XMLSchema-instance"
    xsi:schemaLocation="http://www.loc.gov/MARC21/slim http://www.loc.gov/standards/marcxml/schema/MARC21slim.xsd"
    xmlns="http://www.loc.gov/MARC21/slim">

  <leader>01458nam a22002537a 4500</leader>
  <controlfield tag="008">161207s2015        ph||||| |||| 00| 0 eng d</controlfield>
  <datafield tag="020" ind1=" " ind2=" ">
    <subfield code="a">978971855919</subfield>
  </datafield>
  <datafield tag="082" ind1="0" ind2="4">
    <subfield code="a">708</subfield>
    <subfield code="b">S128s</subfield>
  </datafield>
  <datafield tag="110" ind1="1" ind2=" ">
    <subfield code="a">Museum of Contemporary Art and Design (MCAD).</subfield>
    <subfield code="9">5682</subfield>
  </datafield>
  <datafield tag="245" ind1="1" ind2="0">
    <subfield code="a">Safe place in the future :</subfield>
    <subfield code="b">dystopia now, utopia never /</subfield>
    <subfield code="c">Museum of Contemporary Art and Design (MCAD) ; curadur&#xED;a por Joselina Cruz.</subfield>
  </datafield>
  <datafield tag="250" ind1=" " ind2=" ">
    <subfield code="a">1a ed.</subfield>
  </datafield>
  <datafield tag="260" ind1=" " ind2=" ">
    <subfield code="a">Manila, Filipinas :</subfield>
    <subfield code="b">MCAD,</subfield>
    <subfield code="c">2015.</subfield>
  </datafield>
  <datafield tag="300" ind1=" " ind2=" ">
    <subfield code="a">40 p.</subfield>
    <subfield code="b">il.col.</subfield>
  </datafield>
  <datafield tag="500" ind1=" " ind2=" ">
    <subfield code="a">Cat&#xE1;logo publicado con motivo a la exhibici&#xF3;n "Safe place in the future: dystopia now, utopia never", presentada de 23 de julio al 23 de noviembre del 2013, en Museum of Contemporary Art and Design (MCAD).</subfield>
  </datafield>
  <datafield tag="505" ind1="0" ind2="0">
    <subfield code="t">From Banghok to Manila, in search of safe places in the future together...</subfield>
    <subfield code="r">Gridthiya Gaweewong.</subfield>
    <subfield code="t">Safe place in the future II: dystopia now, utopia never</subfield>
    <subfield code="r">Somsuda Piamsumrit y Worathep Akkabootara.</subfield>
    <subfield code="t">Contemporaneity, crisis and hope</subfield>
    <subfield code="r">Lisa Ito.</subfield>
    <subfield code="t">7 years of deep south, photograhs and 170 years of photojournalism on earth</subfield>
    <subfield code="r">Srisompob Jitpiromsri.</subfield>
    <subfield code="t">A tale of all cities: contemporary urban insecurity</subfield>
    <subfield code="r">Dr. Surachart Bamrungsuk</subfield>
    <subfield code="t">Curatorial essay</subfield>
    <subfield code="r">Joselina Cruz.</subfield>
  </datafield>
  <datafield tag="653" ind1="1" ind2="0">
    <subfield code="a">Arte contempor&#xE1;neo</subfield>
  </datafield>
  <datafield tag="653" ind1="1" ind2="0">
    <subfield code="a">Cat&#xE1;logo de exhibici&#xF3;n</subfield>
  </datafield>
  <datafield tag="653" ind1="1" ind2="0">
    <subfield code="a">Exhibiciones</subfield>
  </datafield>
  <datafield tag="653" ind1="1" ind2="0">
    <subfield code="a">Arte - Filipinas</subfield>
  </datafield>
  <datafield tag="653" ind1="1" ind2="0">
    <subfield code="a">Instalaciones </subfield>
  </datafield>
  <datafield tag="653" ind1="1" ind2="0">
    <subfield code="a">Fotograf&#xED;a</subfield>
  </datafield>
  <datafield tag="653" ind1="1" ind2="0">
    <subfield code="a">Videoarte</subfield>
  </datafield>
  <datafield tag="700" ind1="1" ind2=" ">
    <subfield code="a">Cruz, Joselina.</subfield>
    <subfield code="e">curadora.</subfield>
    <subfield code="9">5684</subfield>
  </datafield>
  <datafield tag="999" ind1=" " ind2=" ">
    <subfield code="c">1112</subfield>
    <subfield code="d">1112</subfield>
  </datafield>
  <datafield tag="952" ind1=" " ind2=" ">
    <subfield code="0">0</subfield>
    <subfield code="1">0</subfield>
    <subfield code="2">ddc</subfield>
    <subfield code="4">0</subfield>
    <subfield code="7">0</subfield>
    <subfield code="a">LV</subfield>
    <subfield code="b">LV</subfield>
    <subfield code="c">Monograf&#xED;as</subfield>
    <subfield code="d">2016-12-07</subfield>
    <subfield code="l">0</subfield>
    <subfield code="o">708 S128s</subfield>
    <subfield code="p">004298</subfield>
    <subfield code="r">2016-12-07 00:00:00</subfield>
    <subfield code="w">2016-12-07</subfield>
    <subfield code="y">01</subfield>
  </datafield>
</record>
